| 000 -LEADER |
| fixed length control field |
00704nam a22002057a 4500 |
| 001 - CONTROL NUMBER |
| control field |
4717 |
| 003 - CONTROL NUMBER IDENTIFIER |
| control field |
BD-DhUAP |
| 005 - DATE AND TIME OF LATEST TRANSACTION |
| control field |
20201115114836.0 |
| 008 - FIXED-LENGTH DATA ELEMENTS--GENERAL INFORMATION |
| fixed length control field |
201115s1987 bg ||||| |||| 001 0 eng d |
| 040 ## - CATALOGING SOURCE |
| Original cataloging agency |
BD-DhUAP |
| Language of cataloging |
Eng |
| Transcribing agency |
BD-DhUAP |
| Modifying agency |
BD-DhUAP |
| 082 ## - DEWEY DECIMAL CLASSIFICATION NUMBER |
| Edition number |
23 |
| Classification number |
954.140072 HUS |
| 100 ## - MAIN ENTRY--PERSONAL NAME |
| Personal name |
Hussain, M. Delwar. |
| 245 ## - TITLE STATEMENT |
| Title |
A study of nineteenth-century historical works on Muslim rule in Bengal : |
| Remainder of title |
Charles Stewart to Henry Beveridge / |
| Statement of responsibility, etc. |
M. Delwar Hussain. |
| 260 ## - PUBLICATION, DISTRIBUTION, ETC. |
| Place of publication, distribution, etc. |
Dhaka, Bangladesh : |
| Name of publisher, distributor, etc. |
Asiatic Society of Bangladesh, |
| Date of publication, distribution, etc. |
1987. |
| 300 ## - PHYSICAL DESCRIPTION |
| Extent |
ii, 222 pages ; |
| Dimensions |
25 cm. |
| 500 ## - GENERAL NOTE |
| General note |
Includes index. |
| 650 ## - SUBJECT ADDED ENTRY--TOPICAL TERM |
| Topical term or geographic name entry element |
Muslims |
| Form subdivision |
Historiography. |
| 651 ## - SUBJECT ADDED ENTRY--GEOGRAPHIC NAME |
| Geographic name |
India--Bengal |
| Form subdivision |
Historiography. |
| 942 ## - ADDED ENTRY ELEMENTS (KOHA) |
| Source of classification or shelving scheme |
|
| Koha item type |
Book |